000 01070nam a22002777a 4500
999 _c118354
_d118354
003 dpl
005 20190308130023.0
008 190308b ||||| |||| 00| 0 eng d
010 _aB-002993
020 _c70.00
_a8172980108
035 _aB-002993, B-003018
037 _bCen Lib/Ret
040 _aDPL
_bHN
_c0
082 _a
_bइन्द्रास्व
100 _aइन्द्रा स्वप्न
_979676
245 _aएक ईंट एक रुपया /
_cइन्द्रा स्वप्न
246 _aEk eent ek rupaya /
_bby Indra Swapan
260 _aदिल्ली
_bपारुल प्रकाशन
_c1999
270 _a889/58, त्रिनगर
_bदिल्ली
_e110035
300 _a86पृ.
_c21सेमी(सजिल्द)
650 _a साहित्य--उपन्यास
_979677
650 _aहिंदी उपन्यास
_979678
650 _a Literature--Novel
_979679
650 _aHindi novel
_979680
942 _2ddc
_cHN
_h
_mइन्द्रास्व